• 首页
  • 本馆介绍
  • 公告通知
  • 最新文献
  • 馆藏检索
  • 电子资源
  • 读者导购
  • 参考咨询
  • 我的图书馆
  • 登录
  • 详细信息显示
  • 放入我的书架
  • 预约/预借图书
  • 作者相关作品
  • 分类相关作品
  • 丛书相关作品
  • 出版社相关作品

书目信息

  • 表格格式
  • 工作单格式
  • 卡片格式
题名:
地球演化
    
 
作者: 盖保民 著
分册: 第一卷  
出版信息: 北京   中国科学技术出版社  1996.7
页数: 843页
开本: 16开
丛书名:
单 册:
中图分类: P311
科图分类:
主题词: 岩石--物理学 , 固体地球物理学
电子资源:
ISBN: 7-5046-0416-X
000 00591nam0 2200217 45
001 0103200874
005 20031219104048.9
010    @a7-5046-0416-X@b精装@dCNY180.00
100    @a20010320d1996 km y0chiy0120 ea
101 0  @achi
105    @a z 000yy
200 1  @a地球演化@h第一卷@ADi Qiu Yan Hua@f盖保民著@FGai Bao Min Zhu
205    @a2版
210    @a北京@c中国科学技术出版社@d1996.7
215    @a843页@d16开
606 0  @a岩石@x物理学
606 0  @a固体地球物理学
690    @aP311@v2
701  0 @a盖保民@4著
801    @aCN@bTSTC@c20010320
905    @b295669-670@dP311@e45:1=2@f2
    
    地球演化.第一卷/盖保民著.-2版.-北京:中国科学技术出版社,1996.7
    843页;16开
    
    
    ISBN 7-5046-0416-X(精装):CNY180.00
    
●
相关链接 在E读中查询图书 在五车中查询图书 在当当中查询图书 在豆瓣中查询图书


正题名:地球演化     索取号:P311/45:1=2         预约/预借

序号 登录号 条形码 馆藏地/架位号 状态 备注
1 0295670   002956705   第二样本阅览室/ [索取号:P311/45:1=2] 在馆    
2 0295671   002956714   第三借阅区/ [索取号:P311/45:1=2] 在馆    
唐山师范学院图书馆 欢迎您!
大连网信软件有限公司© 版权所有